00393 a2200157 4500003000400000005001700004008004100021020001800062040000900080082001900089100001700108245005500125250001200180260003300192300001000225OSt20231207125801.0231207b |||||||| |||| 00| 0 eng d a9788126435722 coclc a894.81bSSUK/M aSukumaran, M aM. Sukumarante Kathakal Sampoornam /cM. Sukumaran a2nd ed. aKottayam:bD C Books,c2014. a352p.